[Event "Asia-ch Blitz U20 Girls"]
[Site "Jamshedpur"]
[Date "2023.09.15"]
[Round "3"]
[White "Dakshita, Kumawat"]
[Black "Adra, P."]
[Result "1-0"]
[WhiteElo "1561"]
[BlackElo "1365"]
[PlyCount "79"]
[EventDate "2023.09.15"]
[EventType "swiss (blitz)"]
[EventRounds "9"]
[EventCountry "IND"]
[SourceTitle "EXT 2024"]
[Source "ChessBase"]
[SourceDate "2023.10.10"]
[SourceVersion "1"]
[SourceVersionDate "2023.10.10"]
[SourceQuality "1"]

1. b3 Nf6 2. Bb2 d5 3. Nf3 e6 4. e3 c5 5. d4 Nc6 6. Be2 Be7 7. 0-0 0-0 8. c4 cxd4 9. exd4 b6 10. Nc3 Bb7 11. Qd2 Rc8 12. Rad1 Qc7 13. Nb5 Qb8 14. Bd3 a6 15. Nc3 Nb4 16. Ne5 Nxd3 17. Qxd3 dxc4 18. bxc4 Rfd8 19. Qe2 Qa8 20. f3 Qb8 21. Kh1 Bd6 22. Na4 Ba8 23. Nc3 Qc7 24. Rfe1 Bb4 25. a3 Be7 26. Ne4 Nxe4 27. fxe4 Bf6 28. Ng4 Qxc4 29. Nxf6+ gxf6 30. Qg4+ Kf8 31. d5 e5 32. Rc1 Qxc1 33. Bxc1 Rc4 34. Bh6+ Ke7 35. Qf5 Rd6 36. Rf1 Bb7 37. Bg7 Bc8 38. Bxf6+ Kf8 39. Qxe5 Rxf6 40. Qxf6 1-0

[Event "Asia-ch Blitz U20 Girls"]
[Site "Jamshedpur"]
[Date "2023.09.15"]
[Round "5"]
[White "Dakshita, Kumawat"]
[Black "Disha, UA."]
[Result "1-0"]
[WhiteElo "1561"]
[BlackElo "1372"]
[PlyCount "63"]
[EventDate "2023.09.15"]
[EventType "swiss (blitz)"]
[EventRounds "9"]
[EventCountry "IND"]
[SourceTitle "EXT 2024"]
[Source "ChessBase"]
[SourceDate "2023.10.10"]
[SourceVersion "1"]
[SourceVersionDate "2023.10.10"]
[SourceQuality "1"]

1. d4 Nf6 2. Nf3 d5 3. Bf4 e6 4. e3 Bd6 5. Ne5 c5 6. Nd2 Nc6 7. c3 Qc7 8. Ndf3 Bxe5 9. Nxe5 Nxe5 10. dxe5 Nd7 11. Qg4 g6 12. Qg3 Nb6 13. Bd3 c4 14. Bc2 Bd7 15. 0-0 Na4 16. Rab1 Nc5 17. Bg5 b5 18. Bf6 Rg8 19. Qh4 h5 20. b4 Nb7 21. e4 Bc6 22. exd5 Bxd5 23. a4 a6 24. Ra1 Qb8 25. Be4 Bxe4 26. Qxe4 bxa4 27. Qc6+ Kf8 28. Qxc4 Qc8 29. Qd4 a5 30. Rxa4 axb4 31. Qxb4+ Nc5 32. Rxa8 1-0

[Event "Asia-ch U20 Girls"]
[Site "Jamshedpur"]
[Date "2023.09.12"]
[Round "6"]
[White "Dakshita, Kumawat"]
[Black "Jyothsna, L."]
[Result "1/2-1/2"]
[WhiteElo "1690"]
[BlackElo "1940"]
[PlyCount "75"]
[EventDate "2023.09.09"]
[EventType "swiss"]
[EventRounds "9"]
[EventCountry "IND"]
[SourceTitle "EXT 2024"]
[Source "ChessBase"]
[SourceDate "2023.10.10"]
[SourceVersion "1"]
[SourceVersionDate "2023.10.10"]
[SourceQuality "1"]

1. d4 g6 2. e4 Bg7 3. Nf3 d6 4. Nc3 a6 5. a4 Nd7 6. Bc4 e6 7. Bg5 Ne7 8. Qd2 h6 9. Be3 b6 10. 0-0 Bb7 11. Rfe1 g5 12. h3 Ng6 13. d5 Nde5 14. Nxe5 Nxe5 15. Bb3 Qe7 16. Ne2 Ng6 17. dxe6 fxe6 18. Nd4 Bxd4 19. Qxd4 0-0 20. f3 a5 21. c3 Kh7 22. Qd2 e5 23. Bd5 Bxd5 24. exd5 Nf4 25. b3 Qd7 26. Qc2+ Kg7 27. Qe4 Rf6 28. Ra2 Raf8 29. Rf1 Qf7 30. c4 Qd7 31. Raf2 Qe8 32. Kh2 Qd7 33. Kg1 Rg6 34. Rd2 Qc8 35. Rb2 Qe8 36. Rd2 Nh5 37. Kh2 Nf6 38. Qd3 1/2-1/2

[Event "Asia-ch U20 Girls"]
[Site "Jamshedpur"]
[Date "2023.09.10"]
[Round "3"]
[White "Kriti, Mayur Patel"]
[Black "Dakshita, Kumawat"]
[Result "1-0"]
[WhiteElo "1435"]
[BlackElo "1690"]
[PlyCount "67"]
[EventDate "2023.09.09"]
[EventType "swiss"]
[EventRounds "9"]
[EventCountry "IND"]
[SourceTitle "EXT 2024"]
[Source "ChessBase"]
[SourceDate "2023.10.10"]
[SourceVersion "1"]
[SourceVersionDate "2023.10.10"]
[SourceQuality "1"]

1. e4 e6 2. d4 d5 3. Nc3 Bb4 4. exd5 exd5 5. Bd3 Nf6 6. Nge2 0-0 7. 0-0 c6 8. Bf4 Re8 9. a3 Bd6 10. Qd2 Be6 11. Rae1 a5 12. Ng3 Bxf4 13. Qxf4 Nbd7 14. Nce2 Nf8 15. Qd2 b5 16. f4 h6 17. f5 Bd7 18. Nf4 Qb6 19. c3 b4 20. Ngh5 N8h7 21. Qf2 Qb8 22. Re3 Rxe3 23. Qxe3 Qd6 24. Nxg7 Qf8 25. Nfh5 Nxh5 26. Nxh5 f6 27. Qg3+ Kh8 28. Nf4 Be8 29. Ne6 Qf7 30. Rf4 Ng5 31. Rh4 Qh7 32. Qd6 Nxe6 33. fxe6 Bg6 34. Qf4 1-0

[Event "Asia-ch Rapid U20 Girls"]
[Site "Jamshedpur"]
[Date "2023.09.08"]
[Round "9"]
[White "Dakshita, Kumawat"]
[Black "Kriti, Mayur Patel"]
[Result "1-0"]
[WhiteElo "1561"]
[BlackElo "1245"]
[PlyCount "85"]
[EventDate "2023.09.08"]
[EventType "swiss (rapid)"]
[EventRounds "9"]
[EventCountry "IND"]
[SourceTitle "EXT 2024"]
[Source "ChessBase"]
[SourceDate "2023.10.10"]
[SourceVersion "1"]
[SourceVersionDate "2023.10.10"]
[SourceQuality "1"]

1. d4 d5 2. Bf4 Nf6 3. e3 e6 4. Nf3 c5 5. Nbd2 Nc6 6. c3 Bd6 7. Bg3 b6 8. Bb5 Bb7 9. Qa4 Rc8 10. Qxa7 Ba8 11. Bxd6 Qxd6 12. Qxb6 Nd7 13. Qa6 0-0 14. 0-0 Rb8 15. Bxc6 Bxc6 16. b3 Rb5 17. Qa3 Ra8 18. Qc1 e5 19. c4 Rba5 20. Qb2 e4 21. Ne5 Nxe5 22. dxe5 Qd7 23. cxd5 Bxd5 24. Rfd1 Rb5 25. Qc3 Qe6 26. a4 Rba5 27. Nxe4 h6 28. Nxc5 Qc6 29. b4 R5a7 30. b5 Qc8 31. Rxd5 Rc7 32. b6 Rc6 33. a5 Kh7 34. h3 Rb8 35. b7 Qc7 36. a6 Rd8 37. Rxd8 Qxd8 38. Qd3+ Qxd3 39. Nxd3 f6 40. b8Q fxe5 41. a7 e4 42. a8Q Rg6 43. Qh8# 1-0

[Event "IND-ch (Women) 49th"]
[Site "Ahmedabad"]
[Date "2023.07.01"]
[Round "2"]
[White "Dakshita, Kumawat"]
[Black "Srija, Seshadri"]
[Result "0-1"]
[WhiteElo "1649"]
[BlackElo "2226"]
[PlyCount "86"]
[EventDate "2023.06.30"]
[EventType "swiss"]
[EventRounds "11"]
[EventCountry "IND"]
[SourceTitle "CBM 215 Extra"]
[Source "ChessBase"]
[SourceDate "2023.09.30"]
[SourceVersion "1"]
[SourceVersionDate "2023.09.30"]
[SourceQuality "1"]

1. d4 d5 2. c4 c6 3. Nc3 Nf6 4. Nf3 e6 5. Bg5 Nbd7 6. e3 Qa5 7. Nd2 Bb4 8. Qc2 Ne4 9. Ndxe4 dxe4 10. Bf4 e5 11. dxe5 Nxe5 12. Bxe5 Qxe5 13. a3 Bxc3+ 14. Qxc3 Qxc3+ 15. bxc3 Be6 16. 0-0-0 Ke7 17. Be2 Rhd8 18. Rd4 f5 19. Kc2 c5 20. Rxd8 Rxd8 21. h4 Rd6 22. Rb1 b6 23. Rd1 Rxd1 24. Kxd1 h6 25. f3 exf3 26. gxf3 g5 27. hxg5 hxg5 28. Ke1 Kd6 29. Kf2 Kc7 30. e4 fxe4 31. fxe4 Kd6 32. Kf3 Ke5 33. Bd3 Bd7 34. Bc2 Bh3 35. Bd3 Be6 36. Be2 g4+ 37. Ke3 g3 38. Bd3 Bg4 39. Bf1 Bd1 40. Bg2 Bc2 41. Bf3 Bb3 42. Kd3 Kf4 43. Bh1 Bd1 0-1

[Event "IND-ch (Women) 48th"]
[Site "Hatkanangale"]
[Date "2023.01.03"]
[Round "9"]
[White "Dakshita, Kumawat"]
[Black "Ishvi, Aggarwal"]
[Result "1-0"]
[WhiteElo "1656"]
[BlackElo "1930"]
[PlyCount "65"]
[EventDate "2022.12.26"]
[EventType "swiss"]
[EventRounds "11"]
[EventCountry "IND"]
[SourceTitle "CBM 212 Extra"]
[Source "ChessBase"]
[SourceDate "2023.03.31"]
[SourceVersion "1"]
[SourceVersionDate "2023.03.31"]
[SourceQuality "1"]

1. d4 d5 2. Bf4 Nf6 3. e3 e6 4. Nf3 c5 5. Nbd2 Nc6 6. c3 Bd6 7. Bg3 0-0 8. Bd3 b6 9. e4 Be7 10. e5 Nh5 11. Ng5 Bxg5 12. Qxh5 g6 13. Qe2 f5 14. f4 Bh6 15. Nf3 cxd4 16. cxd4 Nb4 17. h4 Nxd3+ 18. Qxd3 a5 19. Qd2 Ba6 20. h5 Bg7 21. h6 Bh8 22. Kf2 Qd7 23. Rhc1 Rac8 24. Rxc8 Rxc8 25. Rc1 Bb7 26. Rxc8+ Qxc8 27. Qc3 Qd7 28. Bh4 Kf7 29. b4 Qc8 30. Qxc8 Bxc8 31. Bd8 axb4 32. Bxb6 Bd7 33. Bc5 1-0

[Event "IND-ch U15 Girls 38th"]
[Site "New Delhi"]
[Date "2022.12.03"]
[Round "9"]
[White "Dakshita, Kumawat"]
[Black "Olivia, Biswas"]
[Result "1-0"]
[WhiteElo "1628"]
[BlackElo "1377"]
[PlyCount "53"]
[EventDate "2022.11.28"]
[EventType "swiss"]
[EventRounds "11"]
[EventCountry "IND"]
[SourceTitle "CBM 211 Extra"]
[Source "ChessBase"]
[SourceDate "2023.01.31"]
[SourceVersion "1"]
[SourceVersionDate "2023.01.31"]
[SourceQuality "1"]

1. d4 Nf6 2. Bf4 g6 3. Nc3 Bg7 4. e4 d6 5. Qd2 0-0 6. 0-0-0 Nbd7 7. e5 Nh5 8. Bh6 dxe5 9. dxe5 Bxe5 10. Be2 Ng7 11. h4 c6 12. h5 Qa5 13. hxg6 hxg6 14. Nf3 Bxc3 15. bxc3 Qxa2 16. Qf4 Qa3+ 17. Kb1 Qxc3 18. Rd3 Qf6 19. Qh2 Nh5 20. Bxf8 Kxf8 21. g4 Nf4 22. g5 Qg7 23. Qxf4 e5 24. Qh4 Nc5 25. Rd8+ Ke7 26. Qh8 Qxh8 27. Rhxh8 1-0

[Event "IND-ch U15 Girls 38th"]
[Site "New Delhi"]
[Date "2022.12.01"]
[Round "5"]
[White "Dakshita, Kumawat"]
[Black "Drishtee, Ghosh"]
[Result "0-1"]
[WhiteElo "1628"]
[BlackElo "1281"]
[PlyCount "30"]
[EventDate "2022.11.28"]
[EventType "swiss"]
[EventRounds "11"]
[EventCountry "IND"]
[SourceTitle "CBM 211 Extra"]
[Source "ChessBase"]
[SourceDate "2023.01.31"]
[SourceVersion "1"]
[SourceVersionDate "2023.01.31"]
[SourceQuality "1"]

1. d4 Nf6 2. Bf4 d5 3. e3 e6 4. Nf3 Bd6 5. Ne5 0-0 6. Nd2 b6 7. Bd3 c5 8. c3 Qc7 9. h4 Bb7 10. h5 Nc6 11. Ndf3 Ne4 12. Nxc6 Bxc6 13. dxc5 Bxf4 14. cxb6 Qxb6 15. Nd4 Be5 0-1

[Event "IND-ch U19 Girls"]
[Site "Pune"]
[Date "2022.07.15"]
[Round "5"]
[White "Velpula, Sarayu"]
[Black "Dakshita, Kumawat"]
[Result "1-0"]
[WhiteElo "1965"]
[BlackElo "1517"]
[PlyCount "101"]
[EventDate "2022.07.12"]
[EventType "swiss"]
[EventRounds "11"]
[EventCountry "IND"]
[SourceTitle "EXT 2023"]
[Source "ChessBase"]
[SourceDate "2022.10.05"]
[SourceVersion "1"]
[SourceVersionDate "2022.10.05"]
[SourceQuality "1"]

1. e4 e6 2. d4 d5 3. Bd3 Nc6 4. c3 dxe4 5. Bxe4 Nf6 6. Bg5 Qd7 7. Bxf6 gxf6 8. Nf3 b6 9. Qe2 Bb7 10. d5 Nd8 11. dxe6 Qxe6 12. Nbd2 c5 13. Kd1 Be7 14. Re1 Bxe4 15. Qxe4 Qxe4 16. Nxe4 Ne6 17. Nh4 0-0-0+ 18. Kc2 Rd5 19. Rad1 Rhd8 20. Rxd5 Rxd5 21. Ng3 b5 22. Nhf5 Kd8 23. Re4 Bd6 24. Nxd6 Rxd6 25. Rh4 Nf8 26. Rh5 Rc6 27. Ne4 Re6 28. f3 Re5 29. Rxe5 fxe5 30. Nxc5 Ng6 31. g3 Kc7 32. Kd2 Kc6 33. Nd3 a5 34. Ke3 Kd5 35. Ne1 h5 36. Ng2 f5 37. Kd3 Kc5 38. Ne3 Ne7 39. b3 b4 40. c4 Kd6 41. h3 Kc5 42. g4 hxg4 43. hxg4 f4 44. Nf5 Ng6 45. Ke4 Kc6 46. Nh6 Kd6 47. g5 Ke6 48. Ng4 Kd6 49. c5+ Kxc5 50. Nxe5 Ne7 51. Nd3+ 1-0

[Event "IND-ch U19 Girls"]
[Site "Pune"]
[Date "2022.07.14"]
[Round "4"]
[White "Dakshita, Kumawat"]
[Black "Jyothsna, L."]
[Result "1/2-1/2"]
[WhiteElo "1517"]
[BlackElo "1967"]
[PlyCount "66"]
[EventDate "2022.07.12"]
[EventType "swiss"]
[EventRounds "11"]
[EventCountry "IND"]
[SourceTitle "EXT 2023"]
[Source "ChessBase"]
[SourceDate "2022.10.05"]
[SourceVersion "1"]
[SourceVersionDate "2022.10.05"]
[SourceQuality "1"]

1. d4 b5 2. Bf4 Bb7 3. Nf3 Nf6 4. e3 a6 5. Bd3 d6 6. Nbd2 Nbd7 7. 0-0 h6 8. a4 b4 9. a5 g5 10. Bg3 Bg7 11. c3 bxc3 12. bxc3 e6 13. Rb1 Ra7 14. e4 Nh5 15. Nc4 Nxg3 16. fxg3 0-0 17. Qe2 Qe7 18. Rb2 c5 19. e5 dxe5 20. dxe5 Bd5 21. Nb6 Bxf3 22. gxf3 Nxe5 23. Bxa6 c4 24. Nxc4 Qc5+ 25. Kg2 Rxa6 26. Nxe5 Qxa5 27. Ng4 Qxc3 28. Rc2 Qa5 29. Rb1 Rb6 30. Ra2 Qc5 31. Rc2 Qd4 32. Rd1 Qb4 33. Ne5 Rd6 1/2-1/2

[Event "IND-ch U19 Girls"]
[Site "Pune"]
[Date "2022.07.13"]
[Round "2"]
[White "Bristy, Mukherjee"]
[Black "Dakshita, Kumawat"]
[Result "1/2-1/2"]
[WhiteElo "1871"]
[BlackElo "1517"]
[PlyCount "60"]
[EventDate "2022.07.12"]
[EventType "swiss"]
[EventRounds "11"]
[EventCountry "IND"]
[SourceTitle "EXT 2023"]
[Source "ChessBase"]
[SourceDate "2022.10.05"]
[SourceVersion "1"]
[SourceVersionDate "2022.10.05"]
[SourceQuality "1"]

1. d4 d5 2. Nc3 Nf6 3. Bg5 e6 4. e3 c5 5. Qf3 cxd4 6. exd4 Be7 7. Bd3 Nc6 8. Nge2 Nb4 9. 0-0 Nxd3 10. Qxd3 0-0 11. Bxf6 Bxf6 12. f4 Bd7 13. Rf3 Rc8 14. g4 g6 15. g5 Bg7 16. Rd1 b5 17. Rd2 b4 18. Nd1 Qa5 19. Nc1 Rc4 20. Qe3 Rfc8 21. Qf2 Qc7 22. c3 bxc3 23. bxc3 Ba4 24. Ne2 Bxd1 25. Rxd1 Rb8 26. Rd2 Rb1+ 27. Kg2 Ra4 28. Rh3 Qc4 29. Qh4 Rxa2 30. Qxh7+ Kf8 1/2-1/2

[Event "IND-chT (Women) 19th"]
[Site "Jalgaon"]
[Date "2022.04.08"]
[Round "1.1"]
[White "Divya, Deshmukh"]
[Black "Dakshita, Kumawat"]
[Result "1-0"]
[WhiteElo "2313"]
[BlackElo "1631"]
[PlyCount "39"]
[EventDate "2022.04.08"]
[EventType "team-swiss"]
[EventRounds "6"]
[EventCountry "IND"]
[SourceTitle "CBM 208 Extra"]
[Source "ChessBase"]
[SourceDate "2022.07.31"]
[SourceVersion "1"]
[SourceVersionDate "2022.07.31"]
[SourceQuality "1"]
[WhiteTeam "Airports Authority (W)"]
[BlackTeam "Rajastan (W)"]
[WhiteTeamCountry "IND"]
[BlackTeamCountry "IND"]

1. e4 e6 2. d4 d5 3. e5 c5 4. c3 Nc6 5. Nf3 Qb6 6. Bd3 cxd4 7. 0-0 Bd7 8. Re1 Rc8 9. h4 a6 10. Nbd2 dxc3 11. bxc3 Na5 12. Rb1 Qc7 13. Bb2 Ne7 14. Nf1 Nec6 15. Ng3 Be7 16. Bc1 Qd8 17. Ng5 h6 18. Qh5 0-0 19. Nh7 Bxh4 20. Bxh6 1-0

[Event "IND-ch U16 Girls"]
[Site "New Delhi"]
[Date "2022.03.06"]
[Round "4"]
[White "Velpula, Sarayu"]
[Black "Dakshita, Kumawat"]
[Result "1/2-1/2"]
[WhiteElo "1875"]
[BlackElo "1395"]
[PlyCount "86"]
[EventDate "2022.03.04"]
[EventType "swiss"]
[EventRounds "9"]
[EventCountry "IND"]
[SourceTitle "CBM 207 Extra"]
[Source "ChessBase"]
[SourceDate "2022.05.31"]
[SourceVersion "1"]
[SourceVersionDate "2022.05.31"]
[SourceQuality "1"]

1. e4 e6 2. d4 d5 3. Bd3 Nc6 4. c3 dxe4 5. Bxe4 Nf6 6. Bf3 Bd6 7. Ne2 e5 8. Bg5 h6 9. Bxf6 Qxf6 10. d5 Ne7 11. Nd2 0-0 12. Qb3 Bd7 13. 0-0-0 b5 14. h4 a5 15. g4 a4 16. Qc2 Qg6 17. Ne4 f5 18. gxf5 Qxf5 19. Bg2 Qf7 20. Qd2 Ng6 21. Bh3 Bxh3 22. Rxh3 Qf5 23. Qe3 Nf4 24. Rg3 Rad8 25. Rdg1 Rf7 26. Rg4 Bf8 27. Nxf4 exf4 28. Qe2 Rxd5 29. f3 Bc5 30. Nxc5 Rxc5 31. Qe8+ Kh7 32. Rg5 hxg5 33. Rxg5 Qh3 34. Rxc5 Qf1+ 35. Kc2 Qf2+ 36. Kc1 Qxc5 37. Qxf7 Qe5 38. h5 Qe1+ 39. Kc2 Qe2+ 40. Kc1 Qe1+ 41. Kc2 Qe2+ 42. Kc1 Qe1+ 43. Kc2 Qe2+ 1/2-1/2

[Event "Eastern Asia-ch U14 Girls"]
[Site "Tornelo INT"]
[Date "2021.10.24"]
[Round "7"]
[White "Nguyen, Linh Dan"]
[Black "Dakshita, Kumawat"]
[Result "1-0"]
[WhiteElo "1474"]
[BlackElo "1340"]
[PlyCount "83"]
[EventDate "2021.10.22"]
[EventType "swiss"]
[EventRounds "9"]
[EventCountry "NET"]
[SourceTitle "EXT 2023"]
[Source "ChessBase"]
[SourceDate "2022.10.05"]
[SourceVersion "1"]
[SourceVersionDate "2022.10.05"]
[SourceQuality "1"]

1. e4 e6 2. d3 d5 3. Nd2 Nf6 4. g3 c5 5. Bg2 Nc6 6. Ngf3 Be7 7. 0-0 0-0 8. e5 Nd7 9. Re1 b5 10. h4 Qc7 11. Qe2 a5 12. h5 h6 13. Nf1 Re8 14. Bf4 Ba6 15. g4 b4 16. Qd2 Bf8 17. Bg3 c4 18. dxc4 Bxc4 19. g5 Nc5 20. gxh6 gxh6 21. Qf4 a4 22. Ne3 Kh7 23. Nxc4 dxc4 24. Qxc4 Rab8 25. b3 a3 26. Rad1 Red8 27. Qf4 Bg7 28. Qe3 Ne7 29. Nh4 Rxd1 30. Rxd1 Nb7 31. Qd3+ Kh8 32. Qd7 Qxc2 33. Re1 Qc3 34. Re3 Qa1+ 35. Kh2 Nd5 36. Bxd5 exd5 37. Qxd5 Qxa2 38. Qxf7 Qc2 39. Nf5 Rg8 40. Ne7 Rd8 41. Nf5 Rg8 42. e6 1-0